000 00905nam a2200229 i 4500
001 169181
003 ES-MaACL
005 20250812062540.0
008 080821s1958 sp f |||| | spa d
080 _a338.98(410.1)
100 1 _aFogarty, Michael P.
_951408
245 1 0 _aExperiencia británica sobre la economía dirigida /
_cMichael P. Fogarty.
260 _aMadrid :
_bAteneo,
_c1958.
300 _a36 p. :
_b1 lám. ;
_c19 cm.
490 1 _aColección "O crece o muere" ;
_v120
500 _aEsta conferencia fue dada a conocer en el Ateneo de Madrid en el ciclo "Las ideas, la política y la economía en la Europa actual", el 10 de abril de 1957.
610 2 7 _aAteneo de Madrid-
_vConferencias-
_y1940-1982.
_91908
651 4 _aInglaterra-
_xPolítica económica.
_9138248
830 0 0 _aColección "O crece o muere"
_v120
_9183476
852 _aES-MaACL
_j2242-F-16
999 _c169181
_d169181